000 00363nam a2200145Ia 4500
008 191201s2012 xx 000 0 und d
082 _a511.3
_bMAI
100 _aMARTIN, John C
245 0 _aIntroduction to Languages and the Theory of Computation
250 _aRep
260 _aN.Delhi
_bTMH
_c2012
300 _a543
650 _aB.Tech(CSE)
942 _2ddc
_cBK
999 _c5667
_d5667